00318nam a2200133Ia 4500008004100000020001500041041001200056082001600068100001400084245004500098260002500143300000800168650000800176221030s9999 xx 000 0 und d a0070588929 aEnglish a105.23bGus aM. Gussow 0aSchaum`s Basic Electricitycby M. Gussow bTMHaNew Delhic2004 a454 aECE